<?xml version="1.0" encoding="UTF-8"?>
<record
    xmlns:xsi="http://www.w3.org/2001/XMLSchema-instance"
    xsi:schemaLocation="http://www.loc.gov/MARC21/slim http://www.loc.gov/standards/marcxml/schema/MARC21slim.xsd"
    xmlns="http://www.loc.gov/MARC21/slim">

  <leader>00723    a2200193   4500</leader>
  <datafield tag="999" ind1=" " ind2=" ">
    <subfield code="c">26655</subfield>
    <subfield code="d">26655</subfield>
  </datafield>
  <controlfield tag="008">230626b           ||||| |||| 00| 0 eng d</controlfield>
  <datafield tag="020" ind1=" " ind2=" ">
    <subfield code="a">9783030168766</subfield>
    <subfield code="c">Euro49.99</subfield>
  </datafield>
  <datafield tag="041" ind1="0" ind2=" ">
    <subfield code="a">eng</subfield>
  </datafield>
  <datafield tag="082" ind1="0" ind2="0">
    <subfield code="a">004.0151</subfield>
    <subfield code="b">L7554</subfield>
  </datafield>
  <datafield tag="100" ind1=" " ind2=" ">
    <subfield code="a">Linge, Svein </subfield>
  </datafield>
  <datafield tag="245" ind1=" " ind2=" ">
    <subfield code="a">Programming for Computations - Python : A Gentle Introduction to Numerical Simulations with Python 3.6 /</subfield>
  </datafield>
  <datafield tag="250" ind1=" " ind2=" ">
    <subfield code="a">2nd ed.</subfield>
  </datafield>
  <datafield tag="260" ind1=" " ind2=" ">
    <subfield code="a">Gewerbestrasse:</subfield>
    <subfield code="b">Springer Nature Swizerland,</subfield>
    <subfield code="c">2020.</subfield>
  </datafield>
  <datafield tag="300" ind1=" " ind2=" ">
    <subfield code="a">xxiii, 323 p. :</subfield>
    <subfield code="b">ill. ;</subfield>
    <subfield code="c">26 cm.</subfield>
  </datafield>
  <datafield tag="490" ind1="0" ind2=" ">
    <subfield code="a">Texts in Computational Science and Engineering ;</subfield>
    <subfield code="v">no. 15.</subfield>
  </datafield>
  <datafield tag="650" ind1=" " ind2="0">
    <subfield code="a">Computer science</subfield>
    <subfield code="x">mathematics</subfield>
  </datafield>
  <datafield tag="700" ind1=" " ind2=" ">
    <subfield code="9">5560</subfield>
    <subfield code="a">Langtangen, Hans Petter</subfield>
  </datafield>
  <datafield tag="942" ind1=" " ind2=" ">
    <subfield code="2">ddc</subfield>
    <subfield code="c">BK</subfield>
  </datafield>
  <datafield tag="952" ind1=" " ind2=" ">
    <subfield code="0">0</subfield>
    <subfield code="1">0</subfield>
    <subfield code="2">ddc</subfield>
    <subfield code="4">0</subfield>
    <subfield code="6">004_015100000000000_L7554</subfield>
    <subfield code="7">0</subfield>
    <subfield code="9">51447</subfield>
    <subfield code="a">CL</subfield>
    <subfield code="b">CL</subfield>
    <subfield code="c">REF</subfield>
    <subfield code="d">2023-06-26</subfield>
    <subfield code="e">4</subfield>
    <subfield code="g">2815.67</subfield>
    <subfield code="o">004.0151 L7554</subfield>
    <subfield code="p">14140</subfield>
    <subfield code="r">2023-06-26</subfield>
    <subfield code="v">4438.32</subfield>
    <subfield code="y">BK</subfield>
  </datafield>
  <datafield tag="952" ind1=" " ind2=" ">
    <subfield code="0">0</subfield>
    <subfield code="1">0</subfield>
    <subfield code="2">ddc</subfield>
    <subfield code="4">0</subfield>
    <subfield code="6">004_015100000000000_L7554</subfield>
    <subfield code="7">0</subfield>
    <subfield code="9">51448</subfield>
    <subfield code="a">CL</subfield>
    <subfield code="b">CL</subfield>
    <subfield code="d">2023-06-26</subfield>
    <subfield code="e">4</subfield>
    <subfield code="g">2815.67</subfield>
    <subfield code="o">004.0151 L7554</subfield>
    <subfield code="p">14141</subfield>
    <subfield code="r">2023-06-26</subfield>
    <subfield code="v">4438.32</subfield>
    <subfield code="y">BK</subfield>
  </datafield>
</record>
